000 00753nam a22002175i 4500
001 169380
003 ES-MaACL
005 20230906214057.0
008 080904s1974 ag |||| | spa d
080 _a913(899)"18"
080 _a929 Lastarria, Miguel de
100 1 _aAbadie-Aicardi, Aníbal,
_917952
245 1 3 _aEl Uruguay en los albores del siglo XIX
_b: su "Breve descripción" por el Dr. Miguel de Lastarría /
_cAnibal Abadie-Aicardi.
260 _aBuenos Aires :
_b[s.n.],
_c1974.
300 _a11 p. ;
_c24 cm.
595 _aSeparata de: Nuestra historia. N. 13 (1974)
600 1 4 _aLastarría, Miguel de.
_9138469
651 4 _aUruguay-
_xDescripción.
_9138393
852 _aES-MaACL
_j2234-F-17
_9R.143885
999 _c169380
_d169380